|
|
|
|
| LEADER |
00000nas a2200000 a 4500 |
| 001 |
ssj0012672 |
| 003 |
WaSeSS |
| 005 |
20200512172242.0 |
| 006 |
m d |
| 007 |
cr n |
| 008 |
950427d19952017nyuqr p s 0 a0eng c |
| 010 |
|
|
|a 95660061
|
| 016 |
7 |
|
|a 008546202
|2 Uk
|
| 016 |
7 |
|
|a 1284792-6
|2 DE-600
|
| 022 |
|
|
|l 1082-9113
|y 1082-9113
|
| 032 |
|
|
|a 014435
|b USPS
|
| 035 |
|
|
|a (WaSeSS)ssj0012672
|
| 037 |
|
|
|b Public Relations Society of America, 120 Wall Street, Floor 21, NY, NY 10005
|
| 040 |
|
|
|a HBS
|b eng
|c HBS
|d DLC
|d NSD
|d HUL
|d DLC
|d IUL
|d GUA
|d NSD
|d CDS
|d NLGGC
|d CUS
|d U9S
|d OCLCQ
|d UKMGB
|d OCLCF
|d CQ$
|d OCLCO
|d DEBSZ
|d LIP
|d XFH
|d UMC
|d HCO
|d OCLCO
|d WaSeSS
|
| 042 |
|
|
|a pcc
|a nsdp
|
| 043 |
|
|
|a n-us---
|
| 050 |
0 |
0 |
|a HD59
|b .P826
|
| 082 |
0 |
0 |
|a 659.2/0973/05
|2 20
|
| 210 |
0 |
|
|a Public relat. strateg.
|
| 222 |
|
4 |
|a The public relations strategist
|
| 245 |
0 |
4 |
|a The public relations strategist
|h [electronic resource].
|
| 246 |
3 |
0 |
|a Strategist
|
| 260 |
|
|
|a New York, NY :
|b Public Relations Society of America,
|c ©1995-©2017.
|
| 310 |
|
|
|a Quarterly
|
| 362 |
0 |
|
|a Vol. 1, no. 1 (spring 1995)-v. 23, no. 4 (winter 2017).
|
| 500 |
|
|
|a Title from cover.
|
| 506 |
|
|
|a License restrictions may limit access.
|
| 580 |
|
|
|a Merged with: Public relations tactics; to form: Strategies & tactics.
|
| 650 |
|
0 |
|a Public relations
|v Periodicals.
|
| 650 |
|
0 |
|a Public relations
|z United States
|v Periodicals.
|
| 650 |
|
6 |
|a Relations publiques
|x Périodiques.
|
| 650 |
|
6 |
|a Relations publiques
|z États-Unis
|x Périodiques.
|
| 650 |
1 |
7 |
|a Public relations.
|2 gtt
|
| 650 |
|
7 |
|a Public relations.
|2 fast
|0 (OCoLC)fst01082892
|
| 651 |
|
7 |
|a United States.
|2 fast
|0 (OCoLC)fst01204155
|
| 653 |
|
0 |
|a Public relations
|
| 655 |
|
0 |
|a Electronic journals.
|
| 710 |
2 |
|
|a Public Relations Society of America.
|
| 785 |
0 |
7 |
|t Public relations tactics
|x 1080-6792
|w (DLC)sn 95004513
|w (OCoLC)31069725
|
| 785 |
0 |
7 |
|t Strategies & tactics
|x 2576-2028
|w (DLC) 2017202359
|w (OCoLC)1014021911
|
| 850 |
|
|
|a DLC
|a GU
|a InU
|a MH-BA
|
| 853 |
2 |
0 |
|8 1
|a v.
|b no.
|u 4
|v r
|i (year)
|j (season)
|w q
|x 24
|
| 856 |
4 |
0 |
|z Full text available from Research Library: 01/01/1998 to 07/31/2007
|u https://search.proquest.com/publication/31932
|
| 863 |
4 |
1 |
|8 1.1
|a <10 >
|b < 1>
|i <2004 >
|j <24 >
|